| 000 | 00525nam a22001817a 4500 | ||
|---|---|---|---|
| 003 | 0 | ||
| 005 | 20241009150457.0 | ||
| 008 | 241009b xxu||||| |||| 00| 0 eng d | ||
| 020 | _a9780993689932 | ||
| 050 |
_aPZ 7 _b.P181 2019 |
||
| 100 |
_aPalphreyman, Lauren, _eauthor. |
||
| 245 |
_aCupid's match / _cLauren Palphreyman. |
||
| 260 |
_aToronto, ON : _bWattpad Books, _c2019. |
||
| 300 |
_a368 p. ; _c21 cm. |
||
| 650 |
_aDating (Social customs) _vFiction. |
||
| 650 |
_aMan-woman relationships _vFiction. |
||
| 942 |
_2lcc _cBK |
||
| 999 |
_c366471 _d366471 |
||